000 01263nam a2200409 a 4500
001 vtls002002037
003 NLI
005 20250404120227.0
008 180529 2008 000 0 hin d
020 _a8190219596(hbk)
_cRs. 150.00
039 9 _a201806011840
_bdeepr
_c201806011839
_ddeepr
040 _aNLI
_chineng
_cHindi div.
041 _ahin
041 1 _ahin
044 _aii
082 0 4 _a320.1
_222
100 1 _6880-01
245 0 0 _6880-02
_aचाणक्य नीति
_c/ सम्पादक मनोज थापियाल
260 _aदिल्ली:
_bअनुज पब्लिशिंग,
_c2008.
300 _a124p. ;
_c22cm.
600 1 0 _aKautilya
_9769889
650 0 _aPolitical philosophy
_9863822
650 0 _aPolitical ethics
700 1 _6880-03
_aथापियाल, मनोज
_4सम्पादक
_91615677
700 1 _6880-04
880 1 _6100-01/(B
880 1 _6700-03/(B
_aThāpiyāla, Manoja
_4edt.
880 1 _6700-04/(B
880 0 0 _6245-02
_aCānakya nīti
_c/ edited by Manoja Thāpiyāla
887 _adeep raj
901 _a98717
_b05.11.2009
902 _aH 320.1 K 812 cky
904 _adeep raj
942 _2ddc
_cBKS
949 _6DBA000098717HIN
999 _c1420005
_d1420005